banner-ar

الاوضاع الاقتصادية و السياسية و الاجتماعية و تداعياتها على العالم / (Record no. 61501)

MARC details
000 -الفاتح
حقل البيانات ثابتة الطول 01024nam a2200229 4500
005 - وقت وتاريخ اخر تعامل مع التسجيلة
رقم الضبط 20240530110502.0
008 - عناصر البيانات ثابتة الطول - معلومات عامة
حقل البيانات ثابتة الطول 150928s2013 ua g b 00| 0 ara d
017 ## - رقم الايداع القانونى
رقم الايداع القانونى 19666
المصدر ( الهيئة المختصة) مصر . دار الكتب المصرية
020 ## - الرقم الدولى المعيارى للكتب
الرقم الدولى المعيارى للكتاب 9789773684914
040 ## - مصدر الفهرسة
وكالة الفهرسة الأصلية EG-CaGPL
082 04 - رقم تصنيف ديوى العشرى
رقم الطبعة 21
رقم التصنيف 330.9\
رقم المادة ع أ
100 0# - المدخل الرئيسى - إسم شخصى
الإسم الشخصى عبدالحميد عبدالسلام ارحيم
245 12 - بيان العنوان
العنوان الاوضاع الاقتصادية و السياسية و الاجتماعية و تداعياتها على العالم /
بيان المسئوليه,etc تاليف عبدالحميد عبدالسلام ارحيم
260 ## - PUBLICATION, DISTRIBUTION, ETC. (IMPRINT)
تاريخ النشر أو التوزيع 2013 .
300 ## - الوصف المادى
التعداد 479 ص ؛
أبعاد الوعاء 24 سم
504 ## - تبصرة ببليوجرافية
تبصرة ببليوجرافية,الخ يشتمل على ارجاعات ببليوجرافية
650 04 - المدخل الاضافى بالموضوع-مصطلح موضوعى
مصطلح موضوعي العالم
التقسيم الفرعي العام الاحوال الاقتصادية
650 04 - المدخل الاضافى بالموضوع-مصطلح موضوعى
مصطلح موضوعي العالم
التقسيم الفرعي العام الاحوال السياسية
650 04 - المدخل الاضافى بالموضوع-مصطلح موضوعى
مصطلح موضوعي العالم
التقسيم الفرعي العام الاحوال الاجتماعية
942 ## - عناصر المدخل الإضافي( كوها)
مصدر التصنيف او مخطط الترفيف Dewey Decimal Classification
Koha [default] item type كتاب
260 ## - PUBLICATION, DISTRIBUTION, ETC. (IMPRINT)
-- الاسكندرية :
-- مؤسسة حورس الدولية ،
Holdings
حالة التراجع حالة الفقد حالة تلف ليس للاعارة المكان المؤقت الموقع الحالى تاريخ الاكتساب اجمالي اﻻعارات رقم الطلب الباركود تاريخ اخر مشاهدة تاريخ تفعيل السعر نوع وعاء كوها
        مكتبة القاهرة الكبرى مكتبة القاهرة الكبرى 09/28/2015   330.9\ ع أ 160822 09/28/2015 09/28/2015 كتاب

Powered By

EGPV